Statistics for FIFA 23 TOTW 16

Click here to take the quiz!

General Stats

  • This quiz has been taken 22 times
  • The average score is 8 of 23

Answer Stats

ratposclubplayer% Correct
TOTW Starter91STAl-NassrCristiano Ronaldo
100%
TOTW Starter88CDMManchester CityRodri
79%
TOTW Starter88STJuventusDušan Vlahović
68%
TOTW Starter88STAS MonacoWissam Ben Yedder
68%
TOTW Starter88RBNapoliGiovanni Di Lorenzo
42%
TOTW Starter86RWBBayer LeverkusenJeremie Frimpong
42%
TOTW Reserve87STLille OSCJonathan David
42%
TOTW Starter87CBManchester UnitedLuke Shaw
42%
TOTW Reserve85LBBorussia DortmundRaphaël Guerreiro
42%
TOTW Reserve83STLeicester CityKelechi Iheanacho
37%
TOTW Starter87RMReal BetisSergio Canales
37%
TOTW Starter87CAMMontpellierTéji Tedy Savanier
37%
TOTW Starter88LMSC FreiburgVincenzo Grifo
32%
TOTW Starter87GKReal SociedadDavid Soria
21%
TOTW Reserve85CMFC PortoMateus Uribe
21%
TOTW Reserve80RMBurnleyNathan Tella
21%
TOTW Reserve84GKSampdoriaEmil Audero
16%
TOTW Reserve80CBBolton WanderersRicardo Santos
5%
TOTW Reserve79CFWehen WiesbadenBenedict Hollerbach
0%
TOTW Reserve79GKMacarthur FCFilip Kurto
0%
TOTW Reserve83STAl AinKodjo Fo-Doh Laba
0%
TOTW Reserve80CMAZ AlkmaarSven Mijnans
0%
TOTW Reserve83CB1. FC KölnTimo Hübers
0%

Score Distribution

Percentile by Number Answered

Percent of People with Each Score

Your Score History

You have not taken this quiz